Shinedown Charting Songs (Billboard Hot Rock) - Statistics

General Stats
  • This quiz has been taken 56 times
    12 since last reset
  • The average score is 9 of 25
Answer Stats
Album Weeks On Peak Artist(s) Song % Correct
The Sound of Madness 11 Weeks #8 Shinedown Second Chance
89%
The Sound of Madness 22 Weeks #2 Shinedown Sound of Madness
89%
Amaryllis 23 Weeks #3 Shinedown Bully
56%
Threat to Survival 26 Weeks #10 Shinedown Cut the Cord
56%
The Sound of Madness 22 Weeks #7 Shinedown Diamond Eyes (Boom-Lay Boom-Lay Boom)
56%
ATTENTION ATTENTION 21 Weeks #10 Shinedown MONSTERS
56%
Planet Zero 15 Weeks #28 Shinedown Planet Zero
56%
ATTENTION ATTENTION 8 Weeks #30 Shinedown ATTENTION ATTENTION
44%
ATTENTION ATTENTION 23 Weeks #9 Shinedown DEVIL
44%
The Sound of Madness 26 Weeks #1 (4 Weeks) Shinedown The Crow & The Butterfly
44%
Planet Zero 41 Weeks #17 Shinedown A Symptom of Being Human
33%
ATTENTION ATTENTION 26 Weeks #12 Shinedown GET UP
33%
The Sound of Madness 30 Weeks #4 Shinedown If You Only Knew
33%
Threat to Survival 20 Weeks #19 Shinedown State Of My Head
33%
Non-Album Single 13 Weeks #6 Shinedown Atlas Falls
22%
Planet Zero 13 Weeks #31 Shinedown Daylight
22%
Amaryllis 13 Weeks #29 Shinedown Enemies
22%
Amaryllis 20 Weeks #25 Shinedown I'll Follow You
22%
Threat to Survival 18 Weeks #27 Shinedown Asking For It
11%
Non-Album Single 1 Week #36 Shinedown Dance, Kid, Dance
11%
Threat to Survival 20 Weeks #17 Shinedown How Did You Love
11%
ATTENTION ATTENTION 2 Weeks #36 Shinedown THE HUMAN RADIO
11%
Non-Album Single 25 Weeks #30 Shinedown Three Six Five
11%
Amaryllis 20 Weeks #9 Shinedown Unity
11%
Non-Album Single 1 Week #37 Shinedown Searchlight
0%
No matching quizzes found
Score Distribution
Percent of People with Each Score
Percentile by Number Answered
Your Score History
You have not taken this quiz since the last reset